000 00675nam a2200193Ii 4500
003 JO-AjNU
008 230605s9999||||xx |||||||||||||| ||und||
040 _aJO-AjNU
_bara
_erda
_cJO-AjNU
041 _aara
050 1 4 _aTX349.M83 2003
100 3 _aمرسي ،محمد مدحت / م مشارك ملاك احمدالصحن،منال توفيق,
_eauthor
_920113
245 0 0 _aتعبئة الاغذية =Food packaging
264 3 1 _aالاسكندرية: مكتبة المعارف، 2003
300 _a98ص
336 _atext
_btxt
_2rdacontent
337 _aunmediated
_bn
_2rdamedia
338 _avolume
_bnc
_2rdacarrier
650 4 _aتعبئية الاغذية
_920114
999 _aA6760
_c10328
_d10328